| 000 | 01020nam a2200265 i 4500 | ||
|---|---|---|---|
| 001 | bg | ||
| 003 | BPK | ||
| 005 | 20220321092630.0 | ||
| 008 | s1986 pl f f |000 0 pol | ||
| 040 | _cBPK | ||
| 041 | _apol | ||
| 080 | _a669.017/.018 | ||
| 080 | _a620.1 | ||
| 080 | _a(075.8) | ||
| 100 | 1 |
_aDobrzański, Leszek Adam _d(1947- ) _eAutor |
|
| 245 | 1 | 0 |
_aMetody badań metali i stopów. _nT. 2, _pBadania metalograficzne makroskopowe i na mikroskopie świetlnym. Mikroskopia elektronowa / _cL.A. Dobrzański, E. Hajduczek. |
| 260 |
_aGliwice : _bDział Wydawnictw PŚ, _c1986. |
||
| 490 | 1 | _aSkrypty Uczelniane / Politechnika Śląska im. W. Pstrowskiego | |
| 655 | 4 | _aPodręczniki akademickie | |
| 650 | 4 | _aMetaloznawstwo | |
| 700 | 1 |
_aHajduczek, Eugeniusz _eAutor |
|
| 830 | 0 | _aSkrypty Uczelniane - Politechnika Śląska im. Wincentego Pstrowskiego | |
| 856 |
_uhttp://koha.tu.koszalin.pl/cgi-bin/koha/opac-detail.pl?biblionumber=3367 _yKatalog online BPK |
||
| 942 |
_cKS _2UKD |
||
| 999 |
_c3367 _d3367 |
||